|
|
|
|
| LEADER |
00000ny a22000003n 4500 |
| 005 |
2011060305075.0 |
| 008 |
010809s2001 sp s 000 0 spa c |
| 017 |
|
|
|a D.L. M.19194-2001
|
| 020 |
|
|
|a 848155751X
|
| 035 |
|
|
|a 161
|
| 040 |
|
|
|a BUS
|d vLex
|
| 040 |
|
|
|a UMA.RE
|d vLex
|
| 080 |
|
|
|a 342.721(460)
|
| 080 |
|
|
|a 351.855.3:342.723(460)
|
| 090 |
|
|
|c 456
|d 456
|
| 100 |
1 |
|
|a Palomar Olmeda, Alberto
|
| 245 |
1 |
4 |
|a Los derechos de imagen en el m̀bito del deporte profesional
|h [Recurso electrn̤ico]
|b especial referňcia al ft︢bol /
|c Alberto Palomar Olmeda, Antonio Descalzo Gonzl̀ez
|
| 256 |
|
|
|a Servicio en ln̕ea
|
| 260 |
|
|
|a Madrid :
|b Dykinson,
|c 2001
|
| 300 |
|
|
|a XX, 249 p. ;
|c 22 cm
|
| 506 |
1 |
|
|a Contenido solo disponible en los productos indicados
|d vLex Global
|d vLex Global (Academic Edition, excluding Law Schools)
|d vLex Global (U.S. Academic Edition, Law Schools)
|d vLex Global (U.S. Academic Edition, excluding Law Schools)
|d vLex Global (Academic Edition, Law Schools)
|
| 650 |
0 |
7 |
|a Derecho a la propia imagen
|2 Tesauro vLex
|
| 650 |
0 |
7 |
|a Regulacin̤ del deporte
|2 Tesauro vLex
|
| 700 |
1 |
|
|a Descalzo Gonzl̀ez, Antonio
|
| 740 |
0 |
|
|a vLex Libros (Servicios en ln̕ea)
|
| 856 |
4 |
0 |
|u http://vlex.com/source/161
|z Acceso restringido
|
| 942 |
|
|
|c BOOK
|
| 999 |
0 |
|
|a Portraits--Law and legislation
|b Spain
|